000 00286nam a2200097Ia 4500
001 712643
005 20250826162831.0
008 250824s9999 xx 000 0 und d
245 0 _aÖZGÜRLÜĞÜN ÖTEKİ ADI HANDUT İPEK YOLUNDA BİR TÜRK KIZI
_cZAHİDE AY
260 _bÇİZGİ YAYINLARI
999 _c712643
_d712643